[Event "DEN-chT XtraCon 2018-19"]
[Site "Denmark"]
[Date "2018.10.27"]
[Round "1"]
[White "Nielsen, Thomas Bach"]
[Black "Grove, Peter"]
[Result "0-1"]
[WhiteElo "2136"]
[BlackElo "2213"]
[Annotator "NA"]
[PlyCount "96"]
[EventDate "2018.10.27"]
[EventType "team-tourn"]
[EventCountry "DEN"]
[SourceTitle "playchess.com"]
[Source "ChessBase"]
[SourceQuality "1"]
[TimeControl "40/5400+30:1800+30"]

1. d4 {[%emt 0:00:00]} d5 {[%emt 0:01:58]} 2. c4 {[%emt 0:00:00]} dxc4 {[%emt 0:00:07]} 3. Nc3 {[%emt 0:00:00]} Nf6 {[%emt 0:00:37]} 4. e4 {[%emt 0:01:39]} Nc6 {[%emt 0:01:24]} 5. e5 {[%emt 0:02:47]} Nd5 {[%emt 0:04:20]} 6. Bxc4 {[%emt 0:02:52]} Nb6 {[%emt 0:02:57]} 7. Bb5 {[%emt 0:00:58]} Bd7 {[%emt 0:00:17]} 8. Nf3 {[%emt 0:21:41]} e6 {[%emt 0:05:53]} 9. O-O {[%emt 0:02:30]} Nb4 {[%emt 0:00:22]} 10. Be2 {[%emt 0:16:57]} Bc6 {[%emt 0:00:41]} 11. a3 {[%emt 0:05:00]} N4d5 {[%emt 0:03:48]} 12. Qc2 {[%emt 0:06:29]} f5 {[%emt 0:08:22]} 13. exf6 {[%emt 0:07:00]} gxf6 {[%emt 0:02:56]} 14. Bb5 {[%emt 0:04:07]} Bxb5 {[%emt 0:01:08]} 15. Nxb5 {[%emt 0:00:07]} Qd7 {[%emt 0:00:16]} 16. Qe2 {[%emt 0:04:21]} a6 {[%emt 0:01:03]} 17. Nc3 {[%emt 0:00:20]} O-O-O {[%emt 0:02:27]} 18. Re1 {[%emt 0:01:08]} Re8 {[%emt 0:01:01]} 19. Ne4 {[%emt 0:01:37]} Qc6 {[%emt 0:08:43]} 20. Bd2 {[%emt 0:03:40]} Qc4 {[%emt 0:05:15]} 21. Rac1 {[%emt 0:00:47]} Qxe2 {[%emt 0:00:42]} 22. Rxe2 {[%emt 0:00:01]} Nd7 {[%emt 0:03:08]} 23. Nc5 {[%emt 0:02:21]} Nxc5 {[%emt 0:05:30]} 24. dxc5 {[%emt 0:00:03]} Kd7 {[%emt 0:01:38]} 25. b4 {[%emt 0:04:15]} e5 {[%emt 0:01:57]} 26. Rce1 {[%emt 0:00:58]} a5 {[%emt 0:01:54]} 27. Nh4 {[%emt 0:02:46]} axb4 {[%emt 0:01:44]} 28. axb4 {[%emt 0:00:02]} Ra8 {[%emt 0:00:26]} 29. f4 {[%emt 0:02:05]} exf4 {[%emt 0:01:10]} 30. Nf5 {[%emt 0:00:46]} Ra2 {[%emt 0:04:04]} 31. Rd1 {[%emt 0:01:03]} c6 {[%emt 0:03:18]} 32. Re4 {[%emt 0:00:34]} Rg8 {[%emt 0:01:29]} 33. h4 {[%emt 0:03:37]} Rg4 {[%emt 0:03:40]} 34. g3 {[%emt 0:00:56]} Ra4 {[%emt 0:02:28]} 35. Kg2 {[%emt 0:02:24]} f3+ {[%emt 0:00:40]} 36. Kxf3 {[%emt 0:00:10]} Rxe4 {[%emt 0:00:05]} 37. Kxe4 {[%emt 0:00:09]} Bxc5 {[%emt 0:00:08]} 38. Kf3 {[%emt 0:02:01]} Bxb4 {[%emt 0:00:45]} 39. Bxb4 {[%emt 0:00:41]} Rxb4 {[%emt 0:00:10]} 40. Rd3 {[%emt 0:00:36]} Ke6 {[%emt 0:00:33]} 41. g4 {[%emt 0:30:26]} Rb1 {[%emt 0:32:04]} 42. h5 {[%emt 0:00:00]} c5 {[%emt 0:00:00]} 43. Rd2 {[%emt 0:00:00]} c4 {[%emt 0:00:00]} 44. Re2+ {[%emt 0:00:00]} Kd7 {[%emt 0:00:00]} 45. Rd2 {[%emt 0:00:00]} Kc6 {[%emt 0:00:00]} 46. Ke4 {[%emt 0:00:00]} Re1+ {[%emt 0:00:00]} 47. Kd4 {[%emt 0:00:00]} b5 {[%emt 0:00:00]} 48. Nh6 {[%emt 0:00:00]} Rf1 {[%emt 0:00:22]} 0-1

[Event "DEN-chT XtraCon 2018-19"]
[Site "Denmark"]
[Date "2018.10.27"]
[Round "1"]
[White "Haubro, Sigfred"]
[Black "Pedersen, Jan Rode"]
[Result "1-0"]
[WhiteElo "2130"]
[BlackElo "2177"]
[Annotator "NA"]
[PlyCount "71"]
[EventDate "2018.10.27"]
[EventType "team-tourn"]
[EventCountry "DEN"]
[SourceTitle "playchess.com"]
[Source "ChessBase"]
[SourceQuality "1"]
[TimeControl "40/5400+30:1800+30"]

1. Nf3 {[%emt 0:00:07]} Nf6 {[%emt 0:00:00]} 2. b3 {[%emt 0:00:05]} e6 {[%emt 0:01:41]} 3. Bb2 {[%emt 0:00:20]} b6 {[%emt 0:00:05]} 4. e3 {[%emt 0:00:38]} Bb7 {[%emt 0:00:10]} 5. Be2 {[%emt 0:00:06]} Be7 {[%emt 0:02:25]} 6. O-O {[%emt 0:03:37]} O-O {[%emt 0:00:06]} 7. d4 {[%emt 0:01:14]} d6 {[%emt 0:15:05]} 8. c4 {[%emt 0:03:09]} Nbd7 {[%emt 0:00:32]} 9. Nbd2 {[%emt 0:02:15]} Ne4 {[%emt 0:01:45]} 10. Nxe4 {[%emt 0:00:30]} Bxe4 {[%emt 0:00:07]} 11. Nd2 {[%emt 0:01:58]} Bb7 {[%emt 0:09:02]} 12. Qc2 {[%emt 0:07:41]} d5 {[%emt 0:13:09]} 13. e4 {[%emt 0:09:47]} Bb4 {[%emt 0:01:46]} 14. exd5 {[%emt 0:09:22]} exd5 {[%emt 0:04:57]} 15. Nf3 {[%emt 0:02:04]} Bd6 {[%emt 0:06:06]} 16. Ne5 {[%emt 0:04:52]} dxc4 {[%emt 0:13:17]} 17. Bxc4 {[%emt 0:07:13]} Nxe5 {[%emt 0:09:30]} 18. dxe5 {[%emt 0:01:41]} Qg5 {[%emt 0:02:50]} 19. f4 {[%emt 0:03:52]} Bc5+ {[%emt 0:00:07]} 20. Kh1 {[%emt 0:00:08]} Qg4 {[%emt 0:00:09]} 21. Bd3 {[%emt 0:01:04]} h5 {[%emt 0:02:54]} 22. Bh7+ {[%emt 0:07:09]} Kh8 {[%emt 0:00:03]} 23. Be4 {[%emt 0:00:08]} Bxe4 {[%emt 0:00:28]} 24. Qxe4 {[%emt 0:00:07]} Rad8 {[%emt 0:00:02]} 25. Bc3 {[%emt 0:01:03]} a5 {[%emt 0:00:11]} 26. Rf3 {[%emt 0:05:31]} Rd7 {[%emt 0:02:16]} 27. h3 {[%emt 0:02:42]} Qh4 {[%emt 0:00:13]} 28. Raf1 {[%emt 0:05:47]} Rfd8 {[%emt 0:00:40]} 29. Be1 {[%emt 0:00:51]} Qe7 {[%emt 0:00:24]} 30. f5 {[%emt 0:01:12]} Rd4 {[%emt 0:02:37]} 31. Qe2 {[%emt 0:00:46]} Bb4 {[%emt 0:03:37]} 32. f6 {[%emt 0:02:34]} gxf6 {[%emt 0:06:48]} 33. Rxf6 {[%emt 0:00:19]} R8d7 {[%emt 0:01:12]} 34. Qxh5+ {[%emt 0:00:40]} Kg8 {[%emt 0:00:00]} 35. Qg5+ {[%emt 0:02:29]} Kf8 {[%emt 0:00:01]} 36. e6 {[%emt 0:02:07]} 1-0

[Event "DEN-chT XtraCon 2018-19"]
[Site "Denmark"]
[Date "2018.10.27"]
[Round "1"]
[White "Rendboe, John Filip"]
[Black "Pedersen, Lars Erik"]
[Result "1/2-1/2"]
[WhiteElo "2103"]
[BlackElo "2087"]
[Annotator "NA"]
[PlyCount "57"]
[EventDate "2018.10.27"]
[EventType "team-tourn"]
[EventCountry "DEN"]
[SourceTitle "playchess.com"]
[Source "ChessBase"]
[SourceQuality "1"]
[TimeControl "40/5400+30:1800+30"]

1. d4 {[%emt 0:00:00]} Nf6 {[%emt 0:00:00]} 2. c4 {[%emt 0:00:00]} e6 {[%emt 0:00:04]} 3. Nc3 {[%emt 0:00:36]} Bb4 {[%emt 0:00:25]} 4. e3 {[%emt 0:00:33]} O-O {[%emt 0:00:29]} 5. Bd3 {[%emt 0:00:19]} d5 {[%emt 0:00:24]} 6. Nge2 {[%emt 0:01:46]} c5 {[%emt 0:02:22]} 7. O-O {[%emt 0:01:45]} cxd4 {[%emt 0:01:40]} 8. exd4 {[%emt 0:00:26]} dxc4 {[%emt 0:01:00]} 9. Bxc4 {[%emt 0:00:38]} Nc6 {[%emt 0:00:19]} 10. a3 {[%emt 0:01:54]} Be7 {[%emt 0:00:31]} 11. Ba2 {[%emt 0:03:22]} b6 {[%emt 0:13:31]} 12. Re1 {[%emt 0:33:29]} Bb7 {[%emt 0:07:52]} 13. b4 {[%emt 0:04:30]} Rc8 {[%emt 0:02:46]} 14. Bb2 {[%emt 0:01:40]} Qd6 {[%emt 0:11:31]} 15. d5 {[%emt 0:08:03]} exd5 {[%emt 0:08:31]} 16. Nxd5 {[%emt 0:01:06]} Nxd5 {[%emt 0:01:09]} 17. Qxd5 {[%emt 0:01:17]} Qxd5 {[%emt 0:10:41]} 18. Bxd5 {[%emt 0:00:08]} Rfd8 {[%emt 0:05:47]} 19. Rad1 {[%emt 0:03:24]} Kf8 {[%emt 0:03:01]} 20. Ng3 {[%emt 0:06:24]} g6 {[%emt 0:02:31]} 21. Bf3 {[%emt 0:13:23]} Ba6 {[%emt 0:08:13]} 22. Bd5 {[%emt 0:03:44]} Nb8 {[%emt 0:02:36]} 23. h3 {[%emt 0:03:42]} Bc4 {[%emt 0:05:48]} 24. Bf3 {[%emt 0:02:31]} Rxd1 {[%emt 0:00:37]} 25. Rxd1 {[%emt 0:00:05]} Rd8 {[%emt 0:00:38]} 26. Rxd8+ {[%emt 0:01:19]} Bxd8 {[%emt 0:00:10]} 27. Ne2 {[%emt 0:01:03]} Nd7 {[%emt 0:01:09]} 28. Bd4 {[%emt 0:03:19]} Bf6 {[%emt 0:01:44]} 29. Bxf6 {[%emt 0:00:20]} 1/2-1/2

[Event "DEN-chT XtraCon 2018-19"]
[Site "Denmark"]
[Date "2018.10.27"]
[Round "1"]
[White "Firooznia, Farzam"]
[Black "Sobjerg, Erik"]
[Result "1/2-1/2"]
[WhiteElo "2087"]
[BlackElo "2242"]
[Annotator "NA"]
[PlyCount "44"]
[EventDate "2018.10.27"]
[EventType "team-tourn"]
[EventCountry "DEN"]
[SourceTitle "playchess.com"]
[Source "ChessBase"]
[SourceQuality "1"]
[TimeControl "40/5400+30:1800+30"]

1. e4 {[%emt 0:00:00]} c5 {[%emt 0:00:00]} 2. Nc3 {[%emt 0:00:00]} Nc6 {[%emt 0:00:00]} 3. Bb5 {[%emt 0:00:00]} Nd4 {[%emt 0:00:17]} 4. Bc4 {[%emt 0:00:51]} e6 {[%emt 0:01:16]} 5. Nge2 {[%emt 0:00:58]} Nf6 {[%emt 0:01:32]} 6. O-O {[%emt 0:02:05]} a6 {[%emt 0:01:17]} 7. d3 {[%emt 0:01:07]} b5 {[%emt 0:01:03]} 8. Bb3 {[%emt 0:01:02]} Nxb3 {[%emt 0:02:13]} 9. axb3 {[%emt 0:00:50]} Bb7 {[%emt 0:01:09]} 10. Qe1 {[%emt 0:13:47]} d5 {[%emt 0:05:48]} 11. e5 {[%emt 0:01:37]} d4 {[%emt 0:13:02]} 12. exf6 {[%emt 0:07:52]} dxc3 {[%emt 0:00:48]} 13. Nxc3 {[%emt 0:16:35]} gxf6 {[%emt 0:03:56]} 14. f3 {[%emt 0:01:33]} f5 {[%emt 0:11:35]} 15. Qe5 {[%emt 0:06:24]} Qd4+ {[%emt 0:11:55]} 16. Qxd4 {[%emt 0:01:31]} cxd4 {[%emt 0:00:02]} 17. Ne2 {[%emt 0:01:20]} Bc5 {[%emt 0:00:52]} 18. Bg5 {[%emt 0:01:23]} O-O {[%emt 0:16:37]} 19. Bf6 {[%emt 0:02:34]} e5 {[%emt 0:00:50]} 20. f4 {[%emt 0:10:41]} e4 {[%emt 0:03:16]} 21. Bxd4 {[%emt 0:05:22]} exd3 {[%emt 0:02:47]} 22. cxd3 {[%emt 0:04:22]} Rfe8 {[%emt 0:03:18]} 1/2-1/2

[Event "DEN-chT XtraCon 2018-19"]
[Site "Denmark"]
[Date "2018.10.27"]
[Round "1"]
[White "Bjerre, Tavs"]
[Black "Pallesen, Jacob"]
[Result "1-0"]
[WhiteElo "2039"]
[BlackElo "2024"]
[Annotator "NA"]
[PlyCount "43"]
[EventDate "2018.10.27"]
[EventType "team-tourn"]
[EventCountry "DEN"]
[SourceTitle "playchess.com"]
[Source "ChessBase"]
[SourceQuality "1"]
[TimeControl "40/5400+30:1800+30"]

1. d4 {[%emt 0:00:00]} d5 {[%emt 0:01:18]} 2. c4 {[%emt 0:00:00]} e6 {[%emt 0:00:23]} 3. Nc3 {[%emt 0:00:12]} c6 {[%emt 0:01:53]} 4. e3 {[%emt 0:01:44]} Nf6 {[%emt 0:05:09]} 5. Nf3 {[%emt 0:00:32]} Nbd7 {[%emt 0:02:23]} 6. b3 {[%emt 0:04:32]} Bb4 {[%emt 0:03:51]} 7. Bd2 {[%emt 0:04:26]} O-O {[%emt 0:04:18]} 8. Bd3 {[%emt 0:05:07]} a6 {[%emt 0:07:38]} 9. O-O {[%emt 0:03:04]} Bd6 {[%emt 0:05:41]} 10. e4 {[%emt 0:05:07]} dxe4 {[%emt 0:04:21]} 11. Nxe4 {[%emt 0:00:39]} Nxe4 {[%emt 0:04:32]} 12. Bxe4 {[%emt 0:00:07]} Nf6 {[%emt 0:05:15]} 13. Bc2 {[%emt 0:04:09]} c5 {[%emt 0:09:32]} 14. Bc3 {[%emt 0:02:35]} cxd4 {[%emt 0:14:46]} 15. Bxd4 {[%emt 0:01:19]} Be7 {[%emt 0:01:36]} 16. Qd3 {[%emt 0:09:44]} g6 {[%emt 0:01:13]} 17. Rad1 {[%emt 0:02:01]} Qa5 {[%emt 0:04:19]} 18. Bc3 {[%emt 0:16:04]} Qc7 {[%emt 0:06:57]} 19. Ne5 {[%emt 0:14:39]} b6 {[%emt 0:02:11]} 20. Qg3 {[%emt 0:03:20]} Nh5 {[%emt 0:03:59]} 21. Ng4 {[%emt 0:02:02]} Nxg3 {[%emt 0:05:12]} 22. Nh6# {[%emt 0:00:42]} 1-0

[Event "DEN-chT XtraCon 2018-19"]
[Site "Denmark"]
[Date "2018.10.27"]
[Round "1"]
[White "Svendsen, Peter Willer"]
[Black "Pedersen, Gunnar"]
[Result "0-1"]
[WhiteElo "1948"]
[BlackElo "2196"]
[Annotator "NA"]
[PlyCount "64"]
[EventDate "2018.10.27"]
[EventType "team-tourn"]
[EventCountry "DEN"]
[SourceTitle "playchess.com"]
[Source "ChessBase"]
[SourceQuality "1"]
[TimeControl "40/5400+30:1800+30"]

1. d4 {[%emt 0:00:00]} d5 {[%emt 0:01:14]} 2. Nf3 {[%emt 0:00:30]} Nf6 {[%emt 0:01:04]} 3. Bf4 {[%emt 0:01:17]} e6 {[%emt 0:01:57]} 4. e3 {[%emt 0:01:03]} Bd6 {[%emt 0:00:36]} 5. Ne5 {[%emt 0:05:03]} O-O {[%emt 0:11:56]} 6. Bd3 {[%emt 0:04:44]} c5 {[%emt 0:05:30]} 7. c3 {[%emt 0:08:15]} Nc6 {[%emt 0:05:26]} 8. Nd2 {[%emt 0:05:08]} Qc7 {[%emt 0:09:09]} 9. Ndf3 {[%emt 0:03:04]} c4 {[%emt 0:14:20]} 10. Bc2 {[%emt 0:00:37]} b5 {[%emt 0:00:52]} 11. O-O {[%emt 0:08:17]} a5 {[%emt 0:03:49]} 12. Qe2 {[%emt 0:19:53]} Bb7 {[%emt 0:05:21]} 13. Nxc6 {[%emt 0:15:10]} Bxc6 {[%emt 0:14:37]} 14. Bxd6 {[%emt 0:01:35]} Qxd6 {[%emt 0:00:10]} 15. Ne5 {[%emt 0:00:54]} b4 {[%emt 0:05:08]} 16. Rfe1 {[%emt 0:02:39]} Rab8 {[%emt 0:01:13]} 17. Rab1 {[%emt 0:05:41]} Rfc8 {[%emt 0:01:48]} 18. g4 {[%emt 0:08:59]} Be8 {[%emt 0:10:44]} 19. g5 {[%emt 0:00:54]} Nd7 {[%emt 0:00:31]} 20. f4 {[%emt 0:01:25]} Nxe5 {[%emt 0:00:23]} 21. fxe5 {[%emt 0:01:12]} Qe7 {[%emt 0:00:04]} 22. Qg4 {[%emt 0:00:36]} bxc3 {[%emt 0:01:19]} 23. bxc3 {[%emt 0:00:13]} Qa3 {[%emt 0:00:52]} 24. Qh3 {[%emt 0:01:54]} g6 {[%emt 0:00:27]} 25. e4 {[%emt 0:02:07]} Bc6 {[%emt 0:00:43]} 26. exd5 {[%emt 0:00:51]} Bxd5 {[%emt 0:00:07]} 27. Rxb8 {[%emt 0:00:51]} Rxb8 {[%emt 0:00:06]} 28. Be4 {[%emt 0:00:24]} Bxe4 {[%emt 0:00:15]} 29. Rxe4 {[%emt 0:00:12]} Qc1+ {[%emt 0:00:21]} 30. Kf2 {[%emt 0:00:39]} Rb1 {[%emt 0:02:28]} 31. Re2 {[%emt 0:00:36]} Qf4+ {[%emt 0:00:30]} 32. Kg2 {[%emt 0:00:36]} Qf1+ {[%emt 0:00:16]} 0-1

[Event "DEN-chT XtraCon 2018-19"]
[Site "Denmark"]
[Date "2018.10.28"]
[Round "2"]
[White "Hammer, Jon Ludvig"]
[Black "Teplyi, Igor"]
[Result "1-0"]
[WhiteElo "2662"]
[BlackElo "2404"]
[Annotator "TA"]
[PlyCount "79"]
[EventDate "2018.10.27"]
[EventType "team-tourn"]
[EventCountry "DEN"]
[SourceTitle "playchess.com"]
[Source "ChessBase"]
[SourceQuality "1"]

{[%evp 21,79,19,19,23,10,14,46,37,52,43,57,58,62,53,58,45,64,52,92,93,93,84,108,101,119,119,127,126,119,102,122,89,127,119,116,116,125,140,153,125,226,206,319,241,272,250,443,442,465,455,420,456,437,440,893,989,984,924,1199,1139]} 1. d4 {Yermolinsky,A} Nf6 2. c4 e6 3. Nf3 d5 4. Nc3 Bb4 5. cxd5 exd5 6. Bg5 h6 7. Bh4 O-O {D38: Queen's Gambit Declined: Ragozin Defence (4 Nf3 Bb4)} 8. e3 Bf5 9. Qb3 Bxc3+ 10. bxc3 Nbd7 11. Be2 c5 {LiveBook: 18 Games} 12. dxc5 Nxc5 13. Qb4 {[#]} Nd3+ $146 ({Predecessor:} 13... Nce4 14. Nd4 Bh7 15. O-O {1-0 (49) Grischuk,A (2742)-Eljanov,P (2759) Sharjah 2017 CBM 177 [Yermolinsky,A]}) 14. Bxd3 $1 Bxd3 15. Qd4 $1 {[#] Strongly threatening Bxf6.} Be4 16. Bxf6 Qxf6 17. Qxf6 gxf6 18. Nd4 $36 {[%mdl 2048] White is pushing.} Rfc8 19. Kd2 Rc5 20. a4 b6 21. Ra3 a5 22. Rha1 Kg7 23. Rb3 Rb8 24. f3 Bg6 25. Ra2 Rb7 26. Rb5 Rxb5 27. Nxb5 $16 {[%mdl 4096] Endgame KRB-KRN} Kf8 28. Rb2 Ke7 29. Nd4 Kd6 30. Rb5 Rb8 (30... f5 $16) 31. h4 {[%cal Bh2h4,Bh4h5][%mdl 32]} Rb7 (31... h5 $142 32. c4 dxc4) 32. h5 Bh7 33. g4 Rb8 $2 {[#]} (33... f5 34. gxf5 f6) 34. c4 $1 $18 {[%mdl 512]} dxc4 35. e4 Kc7 36. Kc3 Re8 {White is clearly winning.} 37. Kxc4 Re5 (37... f5 $142 38. Nxf5 (38. exf5 f6 $16) 38... Re6) 38. Rxe5 fxe5 39. Nf5 f6 40. Kb5 {Precision: White = 89%, Black = 33%.} 1-0

[Event "DEN-chT XtraCon 2018-19"]
[Site "Denmark"]
[Date "2018.10.28"]
[Round "2"]
[White "Andersen, Mads"]
[Black "Rodgaard, John"]
[Result "1-0"]
[WhiteElo "2597"]
[BlackElo "2331"]
[Annotator "TA"]
[PlyCount "115"]
[EventDate "2018.10.27"]
[EventType "team-tourn"]
[EventCountry "DEN"]
[SourceTitle "playchess.com"]
[Source "ChessBase"]
[SourceQuality "1"]

{[%evp 16,115,24,22,67,16,11,17,27,22,50,27,20,7,22,19,14,20,17,17,20,17,20,19,30,24,29,33,29,20,29,27,35,17,32,24,33,0,47,31,32,28,37,29,41,30,45,44,48,39,34,13,42,0,22,22,26,29,60,68,78,74,83,83,82,30,51,60,137,135,198,192,197,196,194,194,196,193,387,400,403,394,391,368,468,455,533,528,592,600,5987,6128,29977,5683,29979,29980,29980,29981,29981,29982,29982,29983]} 1. Nf3 d5 2. g3 Nf6 3. Bg2 c6 4. c4 dxc4 5. O-O Nbd7 {[%cal Bb8d7,Bd7b6,Bb6c4][%mdl 32]} 6. Na3 {A11: English Opening: 1...c6} Nb6 7. Ne5 (7. Qc2 g6 8. Nxc4 Nxc4 9. Qxc4 Bg7 10. Re1 O-O 11. d4 Ne4 12. Bf4 Be6 13. Qc2 f5 14. e3 Bd5 15. Ne5 {½-½ (50) Nepomniachtchi,I (2768)-Kobalia,M (2619) Satka 2018}) 7... Qd4 8. Nexc4 Nxc4 9. Qa4 $1 {LiveBook: 9 Games} Nd5 {[#] Threatens to win with ...Ndb6.} ({Much weaker is} 9... b5 10. Bxc6+ Bd7 11. Bxb5 $16) 10. Qxc4 $146 ({White should try} 10. Nxc4 $14 Nb6 11. Nxb6 Qxb6 12. d3) ({Predecessor:} 10. Nxc4 Nc7 11. d3 e6 12. Bf4 Nb5 13. Rac1 {1-0 (22) Haria,R (2416)-Li,R (2372) Doha 2015}) 10... Qxc4 $11 11. Nxc4 g6 12. Rb1 Be6 13. d3 Bg7 14. Na5 O-O-O 15. Bd2 Nc7 16. a4 Ba2 17. Rbc1 {Black must now prevent b3.} Bd5 18. b4 Bxg2 19. Kxg2 Kb8 20. Rc4 Nd5 21. Rc2 Nb6 22. Ra2 Rd5 23. Rc1 Rhd8 24. Bf4+ Be5 25. Be3 Bd4 26. Bd2 Bg7 27. h4 h5 28. Bf4+ Be5 {Hoping for ...Bxf4.} 29. Be3 Bd4 30. Bg5 f6 31. Bd2 Be5 32. Nb3 Nd7 33. Be3 Bc7 34. Bd2 e5 35. Bc3 Nf8 36. Nc5 Bb6 37. Ne4 $1 {[%cal Re4f6]} Nd7 $1 38. a5 Bd4 {[#]} 39. a6 $1 $36 {[%mdl 2048] Keeping Black busy.} f5 40. Nd2 (40. Ng5 $16) 40... Bxc3 $1 41. Rxc3 Rb5 (41... c5 $1 $14) 42. axb7 $16 Rxb4 (42... Kxb7 $16 {was called for.} 43. Nb3 Nb8) 43. Rxc6 $18 Rb6 44. Rc8+ Rxc8 45. bxc8=Q+ Kxc8 {[%mdl 4096] Endgame KRN-KRN} 46. Nc4 Rb4 $2 (46... Re6 {was worth a try.} 47. Rxa7 e4 48. dxe4 fxe4) 47. Rxa7 e4 48. Ra6 exd3 49. exd3 Kc7 {and the idea ...Nc5 leaves Black hopeful.} 50. Rxg6 Rb3 51. d4 Rb4 52. Ne5 Rxd4 53. Rg7 Rd5 54. Nxd7 (54. Rxd7+ $142 Rxd7 55. Nxd7 Kxd7 56. Kf3 Ke7 57. Kf4 Kf6 58. f3 Ke6 59. Kg5) 54... Rxd7 55. Rxd7+ {White mates.} Kxd7 56. Kf3 Ke6 57. Kf4 Kf6 58. f3 {Precision: White = 53%, Black = 45%.} 1-0

[Event "DEN-chT XtraCon 2018-19"]
[Site "Denmark"]
[Date "2018.10.28"]
[Round "2"]
[White "Hansen, Sune Berg"]
[Black "Aabling-Thomsen, Jakob"]
[Result "1-0"]
[WhiteElo "2581"]
[BlackElo "2388"]
[Annotator "TA"]
[PlyCount "61"]
[EventDate "2018.10.27"]
[EventType "team-tourn"]
[EventCountry "DEN"]
[SourceTitle "playchess.com"]
[Source "ChessBase"]
[SourceQuality "1"]

{[%evp 15,61,41,51,31,49,16,24,32,26,26,44,33,80,62,50,62,124,114,258,168,175,96,192,189,216,221,218,225,217,220,209,202,383,402,443,461,450,394,1727,459,434,418,400,356,356,347,402,401]} 1. e4 d6 2. d4 Nf6 3. Bd3 e5 4. c3 Be7 5. Nf3 Nbd7 6. Nbd2 O-O 7. O-O Re8 8. Re1 {B07: Pirc Defence: Miscellaneous Systems} Bf8 {LiveBook: 7 Games} 9. a4 (9. Nf1 b6 10. Ng3 Bb7 11. h3 g6 12. Bg5 h6 13. Bd2 Bg7 14. Qc2 Rc8 15. Rad1 exd4 16. cxd4 {0-1 (85) Alekseev,E (2616)-Khismatullin,D (2632) Riadh 2017}) 9... a5 10. Bc2 $146 {White is slightly better.} ({Predecessor:} 10. Nc4 h6 11. Bd2 c6 12. dxe5 dxe5 13. b4 b6 14. Qc1 Ba6 15. Nh4 Nc5 16. bxc5 Qxd3 {0-1 (50) Antonova,N (2024)-Zhu,C (2424) Ashkhabad 2017}) 10... h6 11. Nf1 {[%cal Bd2f1,Bf1g3,Bg3f5][%mdl 32]} b6 12. Ng3 Bb7 13. Bd2 d5 14. exd5 {[%cal Rd4e5]} exd4 15. c4 Bc5 ({Black should play} 15... d3 $14 16. Bxd3 Rxe1+ 17. Qxe1 c6) 16. Nf5 $16 Ng4 (16... Rxe1+ $16 {was necessary.} 17. Qxe1 d3 18. Bxd3 c6) 17. N3xd4 ({Less strong is} 17. N5xd4 Qf6 $14) 17... Nde5 {[#] Hoping for ...Bxd4.} 18. Bc3 ({Better is} 18. Re2 $1 $18) 18... Qg5 {[#]} (18... Bc8 $16) 19. Rf1 $1 $18 {Strongly threatening f4.} Nxc4 20. Nf3 $1 {[%csl LRg5,LRg7]} Nge3 21. fxe3 ({Don't take} 21. Nxg5 $6 Nxd1 22. Raxd1 hxg5 $16) 21... Nxe3 22. Nxe3 ({Not} 22. Nxg5 Nxd1+ 23. Bd4 Bxd4+ 24. Nxd4 Ne3 $14) 22... Qxe3+ 23. Kh1 {Threatens to win with Re1.} Rad8 $2 (23... Ba6 24. Re1 Be2) 24. Re1 Qf2 25. Qd3 {Qh7+ would kill now.} g6 26. Bb3 {Bf6 is the strong threat.} Bc8 $2 (26... Re3 27. Rxe3 Qxe3 28. Qxe3 Bxe3) 27. Rf1 (27. Rxe8+ $142 Rxe8 28. d6) 27... Qe2 28. Qxe2 Rxe2 29. Rae1 Rxe1 30. Rxe1 Bb7 31. Bf6 {Precision: White = 58%, Black = 29%.} 1-0

[Event "DEN-chT XtraCon 2018-19"]
[Site "Denmark"]
[Date "2018.10.28"]
[Round "2"]
[White "Hansen, Lars Bo"]
[Black "Ahlander, Bjorn"]
[Result "0-1"]
[WhiteElo "2560"]
[BlackElo "2433"]
[Annotator "TA"]
[PlyCount "70"]
[EventDate "2018.10.27"]
[EventType "team-tourn"]
[EventCountry "DEN"]
[SourceTitle "playchess.com"]
[Source "ChessBase"]
[SourceQuality "1"]

{[%evp 18,70,0,-31,-8,-18,-1,0,24,20,36,0,0,-40,0,0,89,112,242,248,320,125,118,86,101,76,235,76,59,34,50,34,112,-89,-65,-201,-104,-73,-53,-322,-341,-318,-329,-331,-269,-426,-438,-413,-135,-790,-775,-2457,-2374,-29990,-29991]} 1. d4 Nf6 2. Bg5 d5 3. Bxf6 exf6 4. e3 Bd6 5. c4 dxc4 6. Bxc4 O-O 7. Nc3 c6 8. Qc2 {D00: 1 d4 d5: Unusual lines} (8. Nf3 Nd7 9. Qc2 Bc7 10. Bd3 h6 11. h4 Nb6 12. h5 Nd5 13. a3 Nxc3 14. bxc3 Re8 15. Rb1 Qd6 16. a4 {1-0 (42) Nakamura,H (2784)-Andreikin,D (2713) Moscow 2013}) 8... f5 9. Nf3 Nd7 10. O-O-O {LiveBook: 6 Games. The position is equal.} Qe7 11. h4 {[%cal Bh2h4,Bh4h5][%mdl 32]} Nf6 12. Bd3 g6 13. h5 b5 {[%cal Bb7b5,Bb5b4][%mdl 32]} 14. Rh4 $146 ({Predecessor:} 14. hxg6 fxg6 {0-1 (31) Bentivegna,F (2276)-Mogranzini,R (2461) Gallipoli 2012}) 14... b4 15. Ne2 Be6 16. Rdh1 Rfc8 (16... Bd5 $11) 17. hxg6 $16 fxg6 (17... hxg6 $16 18. Ng5 Kg7) 18. Ng5 $1 $18 h5 {[#]} 19. Nxe6 $2 (19. g4 $1 $18 {[%mdl 512]}) 19... Qxe6 $16 20. e4 fxe4 21. Rxe4 Qf7 $2 {[#]} (21... Nxe4 $16 22. Bc4 Qd5 $1 {[%mdl 512]}) 22. Rf4 $1 {[%mdl 512]} Kg7 (22... Bxf4+ 23. Nxf4) 23. Rf3 {Strongly threatening Ng3.} c5 {Hoping for ...cxd4.} 24. Bc4 Qd7 ({Black should try} 24... Qc7 $14) 25. d5 $2 (25. Kb1 $16) 25... Qg4 26. Rhh3 ({Better is} 26. Re3 $15) 26... h4 (26... Qxg2 $19 {White must now prevent ...Rf8.} 27. Kb1 Rg8) 27. Rh1 $17 Re8 {Threatens to win with ...Ne4.} 28. Rg1 $2 {[%mdl 8192]} (28. Rfh3 $1 $15) 28... Bh2 $19 29. Rd1 Qxg2 30. Qd3 Re4 31. b3 (31. Kb1 $142) 31... Rae8 32. d6 Bxd6 $2 (32... Rxe2 $2 33. d7 $19) (32... Rd8 $19 33. Rh3 Qxf2) 33. Rxf6 $4 {[%mdl 8192]} (33. Rg1 $17 Qh2 34. Kb1) 33... Qg5+ 34. f4 Qxf6 35. Qxd6 Qa1+ {Precision: White = 32%, Black = 30%.} 0-1